Practice of human rights (Record no. 494696)

MARC details
000 -LEADER
fixed length control field 00975nam a2200277Ia 4500
003 - CONTROL NUMBER IDENTIFIER
control field OSt
005 - DATE AND TIME OF LATEST TRANSACTION
control field 20220925175807.0
008 - FIXED-LENGTH DATA ELEMENTS--GENERAL INFORMATION
fixed length control field 220923b |||||||| |||| 00| 0 eng d
020 ## - INTERNATIONAL STANDARD BOOK NUMBER
International Standard Book Number 9780521683784
037 ## - SOURCE OF ACQUISITION
Terms of availability General Book
040 ## - CATALOGING SOURCE
Original cataloging agency RTL
Transcribing agency RTL
Language of cataloging eng
041 ## - LANGUAGE CODE
Source of code eng
Language code of text/sound track or separate title eng
100 ## - MAIN ENTRY--PERSONAL NAME
Personal name Goodale Mark
9 (RLIN) 249794
245 #0 - TITLE STATEMENT
Title Practice of human rights
Remainder of title Tracking law between the global and the local
260 ## - PUBLICATION, DISTRIBUTION, ETC.
Place of publication, distribution, etc. Cambridge
Name of publisher, distributor, etc. Cambridge University Press
Date of publication, distribution, etc. 2007
300 ## - PHYSICAL DESCRIPTION
Extent xii, 384p
Dimensions cm.
490 ## - SERIES STATEMENT
Series statement Cambridge Studies in Law and Society
500 ## - GENERAL NOTE
General note Bibliography chapterwise
650 ## - SUBJECT ADDED ENTRY--TOPICAL TERM
Topical term or geographic name entry element Sociolology
9 (RLIN) 230864
700 ## - ADDED ENTRY--PERSONAL NAME
Personal name Merry Sally Engle Ed.
9 (RLIN) 249795
942 ## - ADDED ENTRY ELEMENTS (KOHA)
Classification part Y9(W:5):(Z), P7
Koha item type General Books
Source of classification or shelving scheme Colon Classification (CC)
Holdings
Withdrawn status Lost status Damaged status Not for loan Home library Current library Date acquired Source of acquisition Cost, normal purchase price Total Checkouts Full call number Barcode Date last seen Cost, replacement price Price effective from Koha item type
        Ratan Tata Library Ratan Tata Library 2022-09-25 175, 12/11/2007, Bharatiya Sahitya Bhavana 1544.85   Y9(W:5):(Z) P7 RT1388325 2022-09-25 1544.85 2022-09-25 General Books
Copyright @ Delhi University Library System